|
|
|
|
| LEADER |
00000nam0a2200000 4500 |
| 001 |
376611 |
| 005 |
20231101052033.0 |
| 010 |
|
|
|a 5822850160
|
| 020 |
|
|
|a RU
|b 89-83485
|
| 035 |
|
|
|a (RuTPU)RU\TPU\retro\34051
|
| 035 |
|
|
|a RU\TPU\book\229774
|
| 090 |
|
|
|a 376611
|
| 100 |
|
|
|a 20221223d1989 km y0rusy5003 ca
|
| 101 |
0 |
|
|a rus
|
| 102 |
|
|
|a RU
|
| 105 |
|
|
|a c z 000zd
|
| 200 |
1 |
|
|a Портреты советских исполнителей на духовых инструментах
|f сост.и ред. Ю. А. Усов
|
| 210 |
|
|
|a Москва
|c Советский композитор
|d 1989
|
| 215 |
|
|
|a 344 с.
|c портр.
|d 20 см
|
| 610 |
1 |
|
|a музыка
|
| 610 |
1 |
|
|a духовые инструменты
|
| 610 |
1 |
|
|a исполнители
|
| 610 |
1 |
|
|a музыканты
|
| 610 |
1 |
|
|a СССР
|
| 610 |
1 |
|
|a 20 век
|
| 610 |
1 |
|
|a биографии
|
| 610 |
1 |
|
|a персоналии
|
| 675 |
|
|
|a 78.071
|z rus
|v 3
|
| 702 |
|
1 |
|a Усов
|b Ю. А.
|g Юрий Алексеевич
|4 220
|4 340
|
| 801 |
|
0 |
|a RU
|b RuMRKP
|c 19950417
|g psbo
|
| 801 |
|
1 |
|a RU
|b 63413507
|c 20120225
|
| 801 |
|
2 |
|a RU
|b 63413507
|c 20221223
|g RCR
|
| 942 |
|
|
|c BK
|